000
00309nam a2200145 4500
020
_a
0-451-20764-5
082
_a
813.54
100
_a
John Lescroart
245
_a
The Oath
260
_a
USA
_b
A Signet Book
_c
2002
300
_a
468p.
_e
18cm.
650
_a
Fiction
700
_a
Lescroart, John
942
_c
BK
999
_c
12294
_d
12294